Mordisco (Record no. 116923)

MARC details
000 -LÍDER
campo de controle de tamanho fixo 00920 a2200265 4500
001 - NÚMERO DE CONTROLE
campo de controle 116923
020 ## - ISBN - INTERNATIONAL STANDARD BOOK NUMBER
ISBN - International Standard Book Number 9788538077466
020 ## - ISBN - INTERNATIONAL STANDARD BOOK NUMBER
Informação qualificadora (Broch.)
041 ## - CÓDIGO DE IDIOMA
Código do idioma do texto/trilha sonora ou título diferente por
082 ## - CDD - CLASSIFICAÇÃO DECIMAL DE DEWEY
Número de Classificação 028.5
040 ## - FONTE DA CATALOGAÇÃO
Instituição da catalogação original BR-BrIDEA
Instituição que transcreveu o registro BR-BrIDEA
090 ## - NÚMERO DE CHAMADA LOCAL
Número de chamada (OCLC) (R); Número de chamada, CALL (RLIN) (NR) A Year 1 028
Número Cutter local (OCLC); Número de classificação do livro, CALL (RLIN) YAR
100 ## - ENTRADA PRINCIPAL--NOME PESSOAL
Nome pessoal Yarlett, Emma.
240 10 - TÍTULO UNIFORME
Título uniforme Nibbles: the book monster
Idioma da obra Portugues
245 10 - TÍTULO
Título Mordisco
Restante do título o monstro de livros
Indicação de responsabilidade, etc. Emma Yarlett; tradução de Monique D'Orazio
260 ## - PUBLICAÇÃO, DISTRIBUIÇÃO, ETC.
Local de publicação, distribuição, etc. São Paulo
Nome do editor, distribuidor, etc. Ciranda Cultural
Data da publicação, distribuição, etc. 2018
300 ## - DESCRIÇÃO FÍSICA
Extensão 32 p.
500 ## - NOTA GERAL
Nota geral Livro contém fita preta. Uso restrito aos professores.
520 ## - NOTA DE RESUMO, ETC
Resumo, etc. Mordisco, o monstro comedor de livros, foi mastigando, mastigando e saiu de seu próprio livro, e agora está causando travessuras e confusão nas histórias dos outros! Cuidado!
521 ## - NOTA DO PÚBLICO ALVO
Nota de público alvo Year 1
697 ## - ENTRADA DE ASSUNTO LOCAL--ENTIDADE COLETIVA (RLIN)
Nome corporativo ou nome da jurisdição Literatural infantil
700 ## - ENTRADA ADICIONADA - NOME PESSOAL
Nome pessoal D'Orazio, Monique
Função do autor por extenso tradutor
856 ## - LOCALIZAÇÃO ELETRÔNICA E ACESSO
Uniform Resource Identifier <a href="000027/0000277f.jpg">000027/0000277f.jpg</a>
942 ## - ELEMENTOS DE ENTRADA ADICIONADOS (KOHA)
Tipo de material Koha Livros
Holdings
Situação do descarte Situação das perdas Fonte da classificação ou esquema de arquivamento na estante Situação física Não pode ser emprestado Biblioteca de origem Biblioteca atual Data de aquisição Total de empréstimos Número de chamada completo Código de barras Devolução em Data de último acesso Data do último empréstimo Data do preço efetivo Tipo de material Koha
    Classificação Decimal de Dewey     ECB - SUDOESTE ECB - SUDOESTE 01/02/2021 1 Year 1 028 YAR 00052883SSW 21/07/2024 22/05/2024 22/05/2024 23/01/2024 Livros
    Classificação Decimal de Dewey     ECB - SUDOESTE ECB - SUDOESTE 30/06/2022 1 Year 1 028 YAR 00058890SSW 21/07/2024 22/05/2024 22/05/2024 23/01/2024 Livros
    Classificação Decimal de Dewey     ECB - SUDOESTE ECB - SUDOESTE 30/06/2022 1 Year 1 028 YAR 00058891SSW 26/07/2024 27/05/2024 27/05/2024 23/01/2024 Livros
    Classificação Decimal de Dewey     ECB - ÁGUAS CLARAS ECB - ÁGUAS CLARAS 28/12/2020 2 A Year 1 028 YAR 00052466AGC   26/08/2024 21/05/2024 23/01/2024 Livros
    Classificação Decimal de Dewey     ECB - ÁGUAS CLARAS ECB - ÁGUAS CLARAS 21/06/2022 4 A Year 1 028 YAR 00058859AGC   25/07/2024 01/07/2024 23/01/2024 Livros